[Event "FRA-ch U10 Girls"]
[Site "Hyeres"]
[Date "2002.??.??"]
[Round "6.10"]
[White "Lion Cerf, Chloe"]
[Black "Canut, Melissandre"]
[Result "1-0"]
[WhiteElo "1350"]
[BlackElo "1230"]
[PlyCount "75"]
[EventDate "2002.04.05"]
[EventType "swiss"]
[EventRounds "9"]
[EventCountry "FRA"]
[SourceTitle "EXT 2003"]
[Source "ChessBase"]
[SourceDate "2002.11.25"]
[SourceVersion "1"]
[SourceVersionDate "2002.11.25"]
[SourceQuality "1"]

1. d4 d5 2. c4 e6 3. Nc3 Nf6 4. Bg5 Be7 5. e3 b6 6. Nf3 c5 7. dxc5 bxc5 8. Bd3 Nc6 9. 0-0 0-0 10. cxd5 exd5 11. h3 Be6 12. Bb5 Qd6 13. Bf4 Qd7 14. Ne5 Rac8 15. Nxd7 Nxd7 16. Bxc6 Rxc6 17. Nxd5 Bxd5 18. Qxd5 Rc7 19. Bxc7 Nf6 20. Qe5 Re8 21. Bd6 Bxd6 22. Qxd6 Ne4 23. Qa6 Nd2 24. Rfd1 Ne4 25. Qxa7 h6 26. Rd7 Ng5 27. Qxc5 Ne6 28. Qf5 Ng5 29. h4 g6 30. Qf4 Re4 31. Qb8+ Kg7 32. hxg5 hxg5 33. Qb7 g4 34. Rxf7+ Kh6 35. Qxe4 Kh5 36. g3 Kh6 37. Qf4+ Kh5 38. Rh7# 1-0

[Event "FRA-ch U10 Girls"]
[Site "Hyeres"]
[Date "2002.??.??"]
[Round "4.9"]
[White "Lion Cerf, Chloe"]
[Black "Dauchart, Elaine"]
[Result "1/2-1/2"]
[WhiteElo "1350"]
[BlackElo "1190"]
[PlyCount "118"]
[EventDate "2002.04.05"]
[EventType "swiss"]
[EventRounds "9"]
[EventCountry "FRA"]
[SourceTitle "EXT 2003"]
[Source "ChessBase"]
[SourceDate "2002.11.25"]
[SourceVersion "1"]
[SourceVersionDate "2002.11.25"]
[SourceQuality "1"]

1. d4 d5 2. c4 e6 3. Nc3 Nf6 4. Bg5 Nbd7 5. Nf3 Be7 6. e3 0-0 7. Bd3 dxc4 8. Bxc4 c6 9. 0-0 Nd5 10. Bxe7 Qxe7 11. Nxd5 cxd5 12. Bd3 e5 13. dxe5 Nxe5 14. Nxe5 Qxe5 15. Qc2 g6 16. Rfe1 b6 17. Re2 Bb7 18. Rae1 Qd6 19. h3 Qc6 20. Qxc6 Bxc6 21. Rc2 Bb7 22. Rc7 Bc8 23. Rec1 Be6 24. e4 a5 25. exd5 Bxd5 26. a4 Be6 27. Rb7 Rfd8 28. Be4 Ra6 29. Rc6 Rd1+ 30. Kh2 Rd4 31. Bf3 Rb4 32. Be2 Bd5 33. Rb8+ Kg7 34. Rd6 Bc4 35. Bxc4 Rxc4 36. Rbxb6 Rxb6 37. Rxb6 Rxa4 38. Rb5 Ra2 39. Kg3 Kf6 40. Rb6+ Ke5 41. b4 axb4 42. Rxb4 h5 43. f4+ Kf5 44. h4 Ra3+ 45. Kf2 Kg4 46. Rb7 f5 47. Rg7 Ra6 48. g3 Ra2+ 49. Ke3 Ra3+ 50. Kf2 Ra2+ 51. Ke3 Kxg3 52. Rxg6+ Kxh4 53. Rg5 Ra5 54. Rg1 Ra3+ 55. Kd4 Ra4+ 56. Ke5 Ra5+ 57. Kd4 Ra4+ 58. Ke5 Ra5+ 59. Kd4 Ra4+ 1/2-1/2